000 00561nam a2200229Ia 4500
003 OSt
005 20220918200613.0
006 a|||||r|||| 00| 0
007 ta
008 220917b |||||||| |||| 00| 0 eng d
024 _a89,470
037 _cTextual
040 _aARTS
_cARTS
_beng
041 _2eng
_aeng
082 _aU47, K0
100 _aWangner Philip L
_994782
245 0 _aHuman use of the earth
260 _c1960
650 _aHUMAN GEOGRAPHY
_91464
942 _hU47, K0
_cTEXL
_2CC
999 _c213140
_d213140